| 000 | 01583nam a2200421 i 4500 | ||
|---|---|---|---|
| 001 | DIGRAMA0292 | ||
| 003 | NyNyDIG | ||
| 007 | cr ||||||||||| | ||
| 008 | 220525s2019 sp a ob 000 0 spa d | ||
| 006 | m o d | ||
| 035 | _a(OCoLC)1335130395 | ||
| 040 |
_aDGITA _beng _erda _epn _cDGITA |
||
| 020 |
_a9788499648811 _qeBook |
||
| 020 | _z9788499648576 | ||
| 050 | 1 | 4 | _aHT166 ebook |
| 082 | 1 | 4 | _a307.76028553 |
| 100 | 1 |
_aTemes Cordovez, Rafael Ramón, _eauthor. |
|
| 245 | 1 | 0 |
_aCityEngine : _bmanual práctico / _cRafael R. Temes Cordovez, Alfonso Moya Fuero . |
| 264 | 1 |
_aParacuellos de Jarama, Madrid : _bRa-Ma, _c[2019] |
|
| 300 |
_a1 online resource : _billustrations. |
||
| 336 |
_atext _btxt _2rdacontent |
||
| 337 |
_acomputer _bc _2rdamedia |
||
| 338 |
_aonline resource _bcr _2rdacarrier |
||
| 347 |
_atext file _2rdaft |
||
| 347 | _bEPUB | ||
| 504 | _aIncludes bibliographical references. | ||
| 588 | 0 | _aOnline resource; title from ePub title page (Digitalia, viewed May 25, 2022) | |
| 650 | 0 |
_aCity planning _xComputer programs. |
|
| 650 | 0 |
_aCities and towns _xComputer simulation. |
|
| 655 | 0 | _aElectronic books. | |
| 700 | 1 |
_aMoya Fuero, Alfonso, _eauthor. |
|
| 791 | 2 |
_aDigitalia (Firm), _edistributor. |
|
| 793 | 0 |
_gDigitalia eBook Collection: _aRa-Ma Editorial |
|
| 776 | 0 | 8 |
_iPrint version: _aTemes Cordovez, Rafael Ramón. _tCityEngine. _dParacuellos de Jarama, Madrid : Ra-Ma, [2019] _z9788499648576 |
| 856 | 4 | 0 |
_3Digitalia Hispánica _uhttps://www.digitaliapublishing.com/a/110161/ |
| 910 | _aPremium collection: 2022 | ||
| 942 | _cRAA | ||
| 999 |
_c272538 _d272538 |
||